000 00633nam a2200277Ia 4500
005 20260324141035.0
008 008 260324s9999 xx 000 0 eng d
020 _a9781315865782
037 _aEBOOK
040 _aCRL
040 _beng
040 _cCRL
041 _2eng
041 _aeng
084 _qCRL
100 _aJulie K. Ward
_91206696
245 0 _aFeminism and Ancient Philosophy
260 _bTaylor and Francis
260 _c1997
365 _a
365 _b230
856 _uhttp://www.taylorfrancis.com/books/9781315865782
942 _cEBOOK
999 _c1809369
_d1809369